000 00554nam a22001937a 4500
003 LK-CoDNM
005 20250106124531.0
008 250102b |||||||| |||| 00| 0 eng d
040 _aLK-CoDNM
_dLK-CoDNM
_eLK-CoDNM
041 _aeng
080 _a4
_bE14
100 _aGeorge Brown Goode, ph. D, LL. D.
245 _aOceanic ichthyology a treatise on the deep-sea and pelagic fishes of the world
260 _aWashington
_bGovernment printing office
_c1895
300 _bxxxv, 553p. ; 27 cm
650 _aScience
650 _a1895
942 _cBK
999 _c235047
_d235047